Анализ и обоснование решений в международном маркетинге

ग्रंथसूची विवरण
मुख्य लेखक: Диденко Н. И. Николай Иванович
अन्य लेखक: Скрипнюк Д. Ф. Джамиля Фатыховна
सारांश:В пособии рассмотрены основные положения и этапы проведения маркетинговых исследований, использование многомерных методов статистического анализа для сбора и анализа данных при решении практических маркетинговых задач на мировых рынках. Пособие широко иллюстрировано статистическим материалом, отражающим маркетинговые решения различных фирм. Для студентов экономических вузов и факультетов, а также специалистов маркетинговых служб.
भाषा:रूसी
प्रकाशित: Москва, Высшая школа, 2010
विषय:
स्वरूप: पुस्तक
KOHA link:https://koha.lib.tpu.ru/cgi-bin/koha/opac-detail.pl?biblionumber=191253

MARC

LEADER 00000nam0a2200000 4500
001 191253
005 20231101224335.0
010 |a 9785060061758 
035 |a (RuTPU)RU\TPU\book\208522 
090 |a 191253 
100 |a 20110203d2010 m y0rusy50 ca 
101 0 |a rus 
102 |a RU 
105 |a a j 001zy 
200 1 |a Анализ и обоснование решений в международном маркетинге  |f Н. И. Диденко, Д. Ф. Скрипнюк 
210 |a Москва  |c Высшая школа  |d 2010 
215 |a 303 с.  |c ил. 
330 |a В пособии рассмотрены основные положения и этапы проведения маркетинговых исследований, использование многомерных методов статистического анализа для сбора и анализа данных при решении практических маркетинговых задач на мировых рынках. Пособие широко иллюстрировано статистическим материалом, отражающим маркетинговые решения различных фирм. Для студентов экономических вузов и факультетов, а также специалистов маркетинговых служб. 
606 1 |a Маркетинг  |2 stltpush  |3 (RuTPU)RU\TPU\subj\41036  |9 60857 
610 1 |a международный маркетинг 
610 1 |a маркетинговые решения 
610 1 |a комплексные исследования 
610 1 |a дисперсионный анализ 
610 1 |a факторный анализ 
610 1 |a статистический анализ 
686 |a У9(2)212.4я73  |v LBC/SL-A  |2 rubbk 
700 1 |a Диденко  |b Н. И.  |g Николай Иванович 
701 1 |a Скрипнюк  |b Д. Ф.  |g Джамиля Фатыховна 
801 1 |a RU  |b 63413507  |c 20110203 
801 2 |a RU  |b 63413507  |c 20121001  |g RCR 
900 |a Теория принятия решений 
900 |a Маркетинговые исследования 
942 |c BK 
959 |a 19/20110203  |d 1  |e 781,00  |f ЧЗГЛ:1